[Event "Oskarja Memorial 10th"]
[Site "Chess.com INT"]
[Date "2021.01.16"]
[Round "9"]
[White "Friedrich, Zdenko"]
[Black "Hajna, Jurij"]
[Result "0-1"]
[WhiteElo "2003"]
[BlackElo "1963"]
[PlyCount "130"]
[EventDate "2021.01.16"]
[EventType "swiss (blitz)"]
[EventRounds "15"]
[EventCountry "SLO"]
[SourceTitle "CBM 200 Extra"]
[Source "ChessBase"]
[SourceDate "2021.03.31"]
[SourceVersion "1"]
[SourceVersionDate "2021.03.31"]
[SourceQuality "1"]

1. d4 c6 2. Nf3 d5 3. c4 e6 4. cxd5 exd5 5. Nc3 h6 6. Bf4 Nf6 7. h3 Bd6 8. Bxd6 Qxd6 9. e3 0-0 10. Bd3 Re8 11. 0-0 Nbd7 12. Rc1 Ne4 13. Bb1 f5 14. a3 Qg6 15. Ne2 Qf7 16. b4 a6 17. Qc2 g6 18. Nd2 Kh7 19. Nb3 Nb6 20. Nc5 Nc4 21. Qa2 Rb8 22. Bxe4 fxe4 23. Nf4 g5 24. Ne2 Rf8 25. a4 h5 26. b5 a5 27. bxc6 bxc6 28. Rb1 Rxb1 29. Rxb1 Qxf2+ 30. Kh2 Nxe3 31. Nc3 Qf4+ 32. g3 Qf5 33. g4 hxg4 34. Rg1 Qf4+ 35. Kh1 Qf3+ 36. Kh2 g3+ 37. Rxg3 Nf1+ 38. Kg1 Qxg3+ 39. Qg2 Qxg2+ 40. Kxg2 Ne3+ 41. Kg3 Nc2 42. Ne2 Rf3+ 43. Kg2 Rxh3 44. Ng3 Rxg3+ 45. Kxg3 Nxd4 46. Nb3 Nxb3 47. Kf2 Nc5 48. Ke3 Ne6 49. Kf2 d4 50. Kg3 Nc5 51. Kh2 Kg6 52. Kg3 d3 53. Kf2 Kf5 54. Ke3 Ke5 55. Kd2 Kd4 56. Ke1 e3 57. Kd1 Bg4+ 58. Kc1 e2 59. Kb2 e1Q 60. Ka2 Qd2+ 61. Ka3 Qb4+ 62. Ka2 Qb3+ 63. Ka1 Qxa4+ 64. Kb1 Kc3 65. Kc1 Qa1# 0-1

[Event "Oskarja Memorial 10th"]
[Site "Chess.com INT"]
[Date "2021.01.16"]
[Round "4"]
[White "Leonardi, Michele"]
[Black "Friedrich, Zdenko"]
[Result "0-1"]
[WhiteElo "1693"]
[BlackElo "2003"]
[PlyCount "60"]
[EventDate "2021.01.16"]
[EventType "swiss (blitz)"]
[EventRounds "15"]
[EventCountry "SLO"]
[SourceTitle "CBM 200 Extra"]
[Source "ChessBase"]
[SourceDate "2021.03.31"]
[SourceVersion "1"]
[SourceVersionDate "2021.03.31"]
[SourceQuality "1"]

1. e4 c6 2. d4 d5 3. e5 Bf5 4. Nc3 e6 5. g4 Bg6 6. h4 h5 7. g5 Nd7 8. Bd3 Ne7 9. Bxg6 Nxg6 10. f4 Ne7 11. Be3 g6 12. Qd2 Nf5 13. 0-0-0 Rc8 14. Nge2 c5 15. dxc5 Nxc5 16. Nd4 Nxe3 17. Qxe3 a6 18. Kb1 Qc7 19. Qe2 b5 20. a3 Be7 21. Rh3 0-0 22. Nf3 Nd7 23. Nd4 Nb6 24. Rc1 Nc4 25. Ka2 b4 26. Na4 bxa3 27. bxa3 Qa5 28. Nb2 Nxa3 29. Nb3 Qd8 30. Qxa6 Ra8 0-1

[Event "Bosnjaci op 21st"]
[Site "Bosnjaci"]
[Date "2016.01.04"]
[Round "2"]
[White "Friedrich, Zdenko"]
[Black "Ljikar, Zoran"]
[Result "0-1"]
[WhiteElo "1933"]
[BlackElo "2270"]
[PlyCount "38"]
[EventDate "2016.01.03"]
[EventType "swiss"]
[EventRounds "9"]
[EventCountry "CRO"]
[SourceTitle "CBM 170 Extra"]
[Source "ChessBase"]
[SourceDate "2016.02.25"]
[SourceVersion "1"]
[SourceVersionDate "2016.02.25"]
[SourceQuality "1"]

1. d4 Nf6 2. Nf3 c5 3. d5 e6 4. d6 Ne4 5. Ne5 Bxd6 6. Nc4 Bc7 7. g3 Qf6 8. f4 d5 9. Ncd2 Qd4 10. Nxe4 Qxe4 11. Rg1 Qd4 12. e3 Qxd1+ 13. Kxd1 Nc6 14. b3 0-0 15. Bb2 e5 16. Nc3 Rd8 17. Rc1 d4 18. exd4 Nxd4 19. fxe5 Nf3+ 0-1

[Event "CRO-chT2 Ost"]
[Site "Osijek"]
[Date "2012.10.28"]
[Round "11.65"]
[White "Friedrich, Zdenko"]
[Black "Gubo, Marko"]
[Result "1/2-1/2"]
[WhiteElo "1877"]
[BlackElo "2080"]
[PlyCount "30"]
[EventDate "2012.04.21"]
[EventType "team-tourn"]
[EventRounds "11"]
[EventCountry "CRO"]
[SourceTitle "EXT 2014"]
[Source "ChessBase"]
[SourceDate "2013.11.20"]
[SourceVersion "1"]
[SourceVersionDate "2013.11.20"]
[SourceQuality "1"]

1. d4 Nf6 2. c4 g6 3. Nf3 Bg7 4. Bf4 d6 5. e3 Nbd7 6. Be2 b6 7. 0-0 Bb7 8. Nc3 Nh5 9. Bg5 h6 10. Bh4 g5 11. Nd2 Nhf6 12. Bg3 e5 13. Nb3 e4 14. Qc2 Qe7 15. Nd2 0-0 1/2-1/2

[Event "CRO-chT2 Ost"]
[Site "Osijek"]
[Date "2012.05.06"]
[Round "6.34"]
[White "Egerc, Josip"]
[Black "Friedrich, Zdenko"]
[Result "1-0"]
[WhiteElo "2081"]
[BlackElo "1877"]
[PlyCount "67"]
[EventDate "2012.04.21"]
[EventType "team-tourn"]
[EventRounds "11"]
[EventCountry "CRO"]
[SourceTitle "EXT 2014"]
[Source "ChessBase"]
[SourceDate "2013.11.20"]
[SourceVersion "1"]
[SourceVersionDate "2013.11.20"]
[SourceQuality "1"]

1. Nf3 c6 2. c4 Nf6 3. Nc3 d5 4. d4 e6 5. Bg5 Bb4 6. e3 Qa5 7. Bxf6 Bxc3+ 8. bxc3 Qxc3+ 9. Nd2 gxf6 10. Be2 Nd7 11. 0-0 Qa3 12. Qc2 f5 13. cxd5 cxd5 14. Rab1 0-0 15. Rb3 Qd6 16. f4 Nf6 17. Rc1 Re8 18. Nf3 a6 19. Bd3 Ng4 20. Qe2 Kh8 21. Ng5 Qe7 22. h3 Nf6 23. a4 Rg8 24. a5 h6 25. Nf3 Qd8 26. Rc5 Nd7 27. Ne5 Nxe5 28. Qh5 Nf3+ 29. Qxf3 Qh4 30. Kh2 Qf6 31. Rb6 Ra7 32. Rxd5 Qe7 33. Rc5 Qd8 34. Qh5 1-0

[Event "CRO-chT2 Ost"]
[Site "Osijek"]
[Date "2012.04.22"]
[Round "3.34"]
[White "Friedrich, Zdenko"]
[Black "Abramovic, Darko"]
[Result "0-1"]
[WhiteElo "1877"]
[BlackElo "2122"]
[PlyCount "42"]
[EventDate "2012.04.21"]
[EventType "team-tourn"]
[EventRounds "11"]
[EventCountry "CRO"]
[SourceTitle "EXT 2014"]
[Source "ChessBase"]
[SourceDate "2013.11.20"]
[SourceVersion "1"]
[SourceVersionDate "2013.11.20"]
[SourceQuality "1"]

1. d4 d5 2. Nf3 Bf5 3. c4 e6 4. Nc3 c6 5. c5 Nd7 6. Bf4 Ngf6 7. e3 Be7 8. Be2 Nh5 9. Be5 f6 10. Nd2 fxe5 11. Bxh5+ g6 12. Be2 exd4 13. exd4 e5 14. g4 Be6 15. dxe5 Bxc5 16. Nb3 Bb6 17. Nd4 Qe7 18. h4 Nxe5 19. h5 0-0-0 20. a3 Bd7 21. f3 Bxd4 0-1

[Event "CRO-chT2 Ost"]
[Site "Osijek"]
[Date "2012.04.21"]
[Round "2.54"]
[White "Vernacki, Srdjan"]
[Black "Friedrich, Zdenko"]
[Result "1-0"]
[WhiteElo "2308"]
[BlackElo "1877"]
[PlyCount "51"]
[EventDate "2012.04.21"]
[EventType "team-tourn"]
[EventRounds "11"]
[EventCountry "CRO"]
[SourceTitle "EXT 2014"]
[Source "ChessBase"]
[SourceDate "2013.11.20"]
[SourceVersion "1"]
[SourceVersionDate "2013.11.20"]
[SourceQuality "1"]

1. e4 c6 2. d4 d5 3. Nd2 dxe4 4. Nxe4 Nd7 5. Bd3 Ngf6 6. Ng5 g6 7. N1f3 Bg7 8. Qe2 0-0 9. Bd2 c5 10. 0-0-0 cxd4 11. Nxd4 Nc5 12. Be3 Qa5 13. Bc4 e6 14. h4 h5 15. Kb1 a6 16. Nb3 Nxb3 17. Bxb3 Qc7 18. Bd4 b5 19. f3 Qc6 20. g4 hxg4 21. h5 gxf3 22. Nxf3 Nxh5 23. Rxh5 gxh5 24. Bxg7 Kxg7 25. Qg2+ Kh8 26. Rg1 1-0

[Event "CRO-Cup 19th"]
[Site "Sibenik"]
[Date "2010.05.19"]
[Round "1"]
[White "Susak, Zeljko"]
[Black "Friedrich, Zdenko"]
[Result "1-0"]
[WhiteElo "2203"]
[BlackElo "1904"]
[PlyCount "45"]
[EventDate "2010.05.19"]
[EventType "team-tourn"]
[EventRounds "6"]
[EventCountry "CRO"]
[SourceTitle "CBM 136 Extra"]
[Source "ChessBase"]
[SourceDate "2010.07.02"]
[SourceVersion "2"]
[SourceVersionDate "2010.07.15"]
[SourceQuality "1"]

1. e4 c6 2. d4 d5 3. e5 Bf5 4. h4 h6 5. g4 Bh7 6. e6 Qd6 7. exf7+ Kxf7 8. Nf3 Nd7 9. Bd3 Ngf6 10. Bxh7 Nxh7 11. Qe2 Re8 12. Ne5+ Kg8 13. Nc3 Nxe5 14. dxe5 Qb4 15. a3 Qa5 16. Bd2 e6 17. g5 hxg5 18. hxg5 g6 19. Qd3 Kf7 20. Qf3+ Kg7 21. Rxh7+ Kxh7 22. Qf7+ Bg7 23. 0-0-0 1-0

[Event "CRO-Cup 18th"]
[Site "Sibenik"]
[Date "2009.05.24"]
[Round "5"]
[White "Grguric, Damir"]
[Black "Friedrich, Zdenko"]
[Result "1-0"]
[WhiteElo "2026"]
[BlackElo "1909"]
[PlyCount "55"]
[EventDate "2009.05.20"]
[EventType "tourn"]
[EventRounds "5"]
[EventCountry "CRO"]
[SourceTitle "CBM 130 Extra"]
[Source "ChessBase"]
[SourceDate "2009.07.02"]
[SourceVersion "2"]
[SourceVersionDate "2009.07.15"]
[SourceQuality "1"]

1. d4 e6 2. c4 b6 3. e4 Bb7 4. Bd3 Bb4+ 5. Bd2 Bxd2+ 6. Qxd2 f5 7. Nc3 Nf6 8. f3 fxe4 9. fxe4 0-0 10. Nf3 Nc6 11. 0-0-0 Nb4 12. Bb1 Ba6 13. b3 Qe7 14. Qg5 Nc6 15. Kb2 Ne8 16. Qg3 Na5 17. Bd3 Qb4 18. Kc2 Nc6 19. e5 g6 20. h4 Qe7 21. Be4 Bb7 22. h5 Nb4+ 23. Kb2 Bxe4 24. Nxe4 d5 25. cxd5 Nxd5 26. hxg6 hxg6 27. Qxg6+ Ng7 28. Neg5 1-0

[Event "Osijek op"]
[Site "Osijek"]
[Date "2007.02.13"]
[Round "7"]
[White "Friedrich, Zdenko"]
[Black "Svetinovic, Darjan"]
[Result "1-0"]
[WhiteElo "1888"]
[BlackElo "1903"]
[PlyCount "117"]
[EventDate "2007.02.08"]
[EventType "swiss"]
[EventRounds "9"]
[EventCountry "CRO"]
[SourceTitle "CBM 116 Extra"]
[Source "ChessBase"]
[SourceDate "2007.03.07"]
[SourceVersion "1"]
[SourceVersionDate "2007.03.07"]
[SourceQuality "1"]

1. d4 d5 2. c4 e6 3. Nc3 Nf6 4. Bg5 Nbd7 5. Nf3 c6 6. Rc1 Be7 7. e3 0-0 8. Bd3 dxc4 9. Bxc4 Nd5 10. Bxe7 Qxe7 11. 0-0 Nxc3 12. Rxc3 e5 13. d5 c5 14. d6 Qf6 15. Qd5 a6 16. Bb3 Rb8 17. Bc2 b5 18. Qe4 g6 19. Rd1 Bb7 20. Qg4 Rbd8 21. Ng5 h5 22. Qg3 Rc8 23. Be4 Bxe4 24. Nxe4 Qe6 25. b3 f5 26. Ng5 Qf6 27. h4 Kg7 28. Rcd3 Rfe8 29. e4 fxe4 30. Nxe4 Qf4 31. Qh3 Qg4 32. Qxg4 hxg4 33. Rg3 c4 34. Rxg4 Kh6 35. Rg3 b4 36. bxc4 Rxc4 37. Re3 a5 38. f3 Rb8 39. Ng5 Rb5 40. Nf7+ Kg7 41. Nxe5 Rxe5 42. Rxe5 Nxe5 43. d7 Nxd7 44. Rxd7+ Kh6 45. Ra7 Rc5 46. Kh2 Rb5 47. g4 g5 48. Ra6+ Kh7 49. hxg5 Rxg5 50. Kg3 Rc5 51. f4 Rc3+ 52. Kh4 Ra3 53. Kg5 Rxa2 54. Ra7+ Kg8 55. Kf6 b3 56. g5 Ra4 57. Ra8+ Kh7 58. g6+ Kh6 59. Rh8# 1-0

[Event "CRO-chT3 East-B"]
[Site "Croatia"]
[Date "2005.04.03"]
[Round "3.5"]
[White "Friedrich, Zdenko"]
[Black "Jovanovic, Radivoje"]
[Result "1-0"]
[WhiteElo "1952"]
[BlackElo "1803"]
[PlyCount "149"]
[EventDate "2005.03.13"]
[EventType "tourn"]
[EventRounds "11"]
[EventCountry "CRO"]
[SourceTitle "EXT 2007"]
[Source "ChessBase"]
[SourceDate "2006.11.23"]
[SourceVersion "1"]
[SourceVersionDate "2006.11.23"]
[SourceQuality "1"]
[WhiteTeam "Ernestinovo"]
[BlackTeam "Trpinja Triglav"]
[WhiteTeamCountry "CRO"]
[BlackTeamCountry "CRO"]

1. c4 e6 2. Nc3 c6 3. d4 d5 4. cxd5 exd5 5. Nf3 Bd6 6. Bg5 Qb6 7. Qd2 h6 8. Bh4 Be6 9. e3 Nd7 10. Bd3 Ngf6 11. 0-0 Qc7 12. e4 dxe4 13. Nxe4 Nxe4 14. Bxe4 g5 15. Bg3 f5 16. Bxd6 Qxd6 17. Bc2 0-0-0 18. Qa5 Rhf8 19. Qxa7 Kc7 20. Qa5+ Nb6 21. a4 Qd5 22. Qb4 Qd6 23. Qa5 Qd5 24. Qc3 g4 25. a5 gxf3 26. axb6+ Kxb6 27. Rfe1 Ra8 28. Rxa8 Rxa8 29. Qe3 Bf7 30. Qe7 Qc4 31. Bxf5 Re8 32. Qc5+ Qxc5 33. dxc5+ Kxc5 34. Rxe8 Bxe8 35. gxf3 Bf7 36. Kg2 b5 37. Kg3 b4 38. Kf4 Kd5 39. Ke3 c5 40. f4 c4 41. Be4+ Kc5 42. f5 Kd6 43. Kd4 Ke7 44. Ke5 Bh5 45. f6+ Kf8 46. Kd4 Be2 47. Bd5 c3 48. bxc3 bxc3 49. Kxc3 Bg4 50. Kd4 Bf5 51. Ke5 Bg6 52. h4 Bd3 53. Be4 Bc4 54. Bg6 Bb3 55. Kf4 Bd1 56. f3 Be2 57. Kg4 Bd1 58. Kh5 Bxf3+ 59. Kxh6 Bd5 60. h5 Be6 61. Kg5 Kg8 62. Kf4 Bc4 63. Ke5 Bb3 64. Kd6 Kh8 65. Ke7 Bg8 66. Kf8 Be6 67. Bf7 Bf5 68. Ke7 Bh7 69. Be6 Bg6 70. Bf7 Bh7 71. Ke8 Be4 72. Bg8 Bf3 73. Bf7 Kh7 74. Bg6+ Kh8 75. f7 1-0

[Event "Osijek op"]
[Site "Osijek"]
[Date "2005.02.15"]
[Round "5"]
[White "Friedrich, Zdenko"]
[Black "Cajzler, Hinko"]
[Result "0-1"]
[WhiteElo "1952"]
[BlackElo "2205"]
[PlyCount "48"]
[EventDate "2005.02.12"]
[EventType "swiss"]
[EventRounds "9"]
[EventCountry "CRO"]
[SourceTitle "EXT 2006"]
[Source "ChessBase"]
[SourceDate "2005.11.24"]
[SourceVersion "1"]
[SourceVersionDate "2005.11.24"]
[SourceQuality "1"]

1. c4 c6 2. Nc3 d5 3. cxd5 cxd5 4. Nf3 Nf6 5. d4 Nc6 6. Qd3 g6 7. Bf4 a6 8. a3 Bf5 9. Qd2 Ne4 10. Nxe4 dxe4 11. Nh4 e5 12. Bg5 f6 13. Nxf5 gxf5 14. d5 fxg5 15. dxc6 Qxd2+ 16. Kxd2 0-0-0+ 17. Kc2 bxc6 18. e3 Kb7 19. Bc4 Bc5 20. Rad1 f4 21. exf4 exf4 22. Rhf1 a5 23. Rd2 Rxd2+ 24. Kxd2 Bxf2 0-1

[Event "Osijek op"]
[Site "Osijek"]
[Date "2004.02.06"]
[Round "7"]
[White "Friedrich, Zdenko"]
[Black "Marijanovic, Ivo"]
[Result "0-1"]
[WhiteElo "1730"]
[BlackElo "2140"]
[PlyCount "57"]
[EventDate "2004.01.??"]
[EventType "swiss"]
[EventRounds "9"]
[EventCountry "CRO"]
[SourceTitle "EXT 2005"]
[Source "ChessBase"]
[SourceDate "2004.11.15"]
[SourceVersion "1"]
[SourceVersionDate "2004.11.15"]
[SourceQuality "1"]

1. c4 Nf6 2. d4 c5 3. Nf3 cxd4 4. Nxd4 e6 5. a3 Nc6 6. e3 Be7 7. Nc3 0-0 8. Be2 a6 9. 0-0 Qc7 10. Bd3 Ne5 11. Be2 Nxc4 12. b3 Ne5 13. Bb2 Qd8 14. Rc1 Nc6 15. Nf3 d5 16. Na4 Bd7 17. h4 Rc8 18. Bd3 b5 19. Nc3 e5 20. Nh2 Be6 21. h5 e4 22. Be2 d4 23. exd4 Nxd4 24. Nxe4 Rxc1 25. Nxf6+ Bxf6 26. Bxc1 Bxb3 27. Qd2 Nxe2+ 28. Kh1 Nxc1 29. Qxc1 0-1

[Event "Osijek op"]
[Site "Osijek"]
[Date "2004.02.04"]
[Round "4"]
[White "Friedrich, Zdenko"]
[Black "Mravunac, Branko"]
[Result "1-0"]
[WhiteElo "1730"]
[BlackElo "2083"]
[PlyCount "99"]
[EventDate "2004.01.??"]
[EventType "swiss"]
[EventRounds "9"]
[EventCountry "CRO"]
[SourceTitle "EXT 2005"]
[Source "ChessBase"]
[SourceDate "2004.11.15"]
[SourceVersion "1"]
[SourceVersionDate "2004.11.15"]
[SourceQuality "1"]

1. c4 e5 2. Nc3 Bb4 3. Nd5 Bc5 4. e3 c6 5. Nc3 Qe7 6. a3 a5 7. Ne4 Ba7 8. b4 f5 9. Ng3 d5 10. cxd5 cxd5 11. Bb5+ Nc6 12. Qc2 Qe6 13. Nxf5 Kf8 14. Ng3 Bd7 15. Bd3 e4 16. Be2 Rc8 17. Qb3 a4 18. Qa2 Nf6 19. Nh3 Bb8 20. Bb2 h6 21. Nh5 Nxh5 22. Bxh5 Ne5 23. Nf4 Nd3+ 24. Nxd3 exd3 25. Bd4 Rc2 26. Qb1 Qf5 27. Bd1 Bb5 28. Ra2 Rc4 29. Qb2 Rh7 30. 0-0 h5 31. f3 h4 32. f4 g6 33. Be5 Bc7 34. h3 Bb6 35. Bg4 Qf7 36. Bd6+ Kg8 37. Qe5 Re4 38. Qg5 Bc4 39. f5 Rg7 40. fxg6 Rxg6 41. Qxh4 Bxe3+ 42. dxe3 Qxf1+ 43. Kxf1 d2+ 44. Kf2 d1N+ 45. Kg1 Rexg4 46. hxg4 Rxd6 47. Rd2 Nc3 48. Qg5+ Kf7 49. Rf2+ Ke8 50. Qe5+ 1-0

[Event "Osijek op"]
[Site "Osijek"]
[Date "2004.02.02"]
[Round "3"]
[White "Friedrich, Zdenko"]
[Black "Zorman, Antun"]
[Result "1-0"]
[WhiteElo "1730"]
[BlackElo "2010"]
[PlyCount "65"]
[EventDate "2004.01.??"]
[EventType "swiss"]
[EventRounds "9"]
[EventCountry "CRO"]
[SourceTitle "EXT 2005"]
[Source "ChessBase"]
[SourceDate "2004.11.15"]
[SourceVersion "1"]
[SourceVersionDate "2004.11.15"]
[SourceQuality "1"]

1. c4 e5 2. Nc3 c6 3. Nf3 Bd6 4. Ne4 Bc7 5. d4 d5 6. cxd5 cxd5 7. Nc3 e4 8. Nd2 Nc6 9. e3 a6 10. Be2 b5 11. a3 Nh6 12. b4 0-0 13. 0-0 f5 14. Nb3 Qd6 15. g3 Ne7 16. Nc5 g5 17. f4 Qf6 18. a4 gxf4 19. exf4 bxa4 20. Rxa4 Rd8 21. b5 Bb6 22. Nxa6 Bd7 23. Be3 Nf7 24. Qb3 Be8 25. Rfa1 Rac8 26. Rd1 Kh8 27. Nb4 Qe6 28. Ra6 Rd6 29. Na4 Rc4 30. Bxc4 dxc4 31. Qc3 Bxb5 32. Ra8+ Bd8 33. d5+ 1-0

[Event "Osijek op"]
[Site "Osijek"]
[Date "2004.01.31"]
[Round "1"]
[White "Friedrich, Zdenko"]
[Black "Vernacki, Srdjan"]
[Result "0-1"]
[WhiteElo "1730"]
[BlackElo "2142"]
[PlyCount "52"]
[EventDate "2004.01.??"]
[EventType "swiss"]
[EventRounds "9"]
[EventCountry "CRO"]
[SourceTitle "EXT 2005"]
[Source "ChessBase"]
[SourceDate "2004.11.15"]
[SourceVersion "1"]
[SourceVersionDate "2004.11.15"]
[SourceQuality "1"]

1. c4 Nf6 2. Nc3 c5 3. Nf3 e6 4. e3 Be7 5. d4 cxd4 6. Nxd4 0-0 7. Bd3 a6 8. 0-0 d6 9. Bb1 Qc7 10. Qd3 Nbd7 11. Ne4 Nxe4 12. Qxe4 Nf6 13. Qd3 b6 14. Nf3 h6 15. b3 Bb7 16. Nd2 Qc6 17. f3 Rfe8 18. Bb2 e5 19. Bc2 Bf8 20. Rf2 d5 21. f4 e4 22. Qe2 Rad8 23. Rc1 Bc5 24. cxd5 Qxd5 25. Bxf6 Qxd2 26. Bxd8 Qxc1+ 0-1